• 首页
  • 本馆介绍
  • 公告通知
  • 最新文献
  • 馆藏检索
  • 电子资源
  • 读者导购
  • 参考咨询
  • 我的图书馆
  • 登录
  • 详细信息显示
  • 放入我的书架
  • 预约/预借图书
  • 作者相关作品
  • 分类相关作品
  • 丛书相关作品
  • 出版社相关作品

书目信息

  • 表格格式
  • 工作单格式
  • 卡片格式
书名: Large-scale policy making
作者: Paul R. Schulman.
分册号:
分册名:
出版地: New York :
 
出版社: Elsevier North Holland
出版时间: c1980.
页数: xvi, 146 p. :
开本: 24 cm.
丛书名:
中图分类号:
科图分类号:
其他分类号: H319.4
主题词:
电子资源:
000 00788pam 2200265Ii 4500
001 E0739247283
005 20070228105532.37
008 040308s1980 nyu b 00110 eng
010    @a80013942
020    @a0444990755 :@cCNY0.95.
040    @aDLC@cDLC@dm.c.@dCWR
050 00 @aH61@b.S416
082    @a361.6/1
090    @aE019/W170
090    @aH319.4
099    @dH319.4@ex267
100 1  @aSchulman, Paul R.
245 10 @aLarge-scale policy making / @cPaul R. Schulman.
260    @aNew York :@bElsevier North Holland,@cc1980.
300    @axvi, 146 p. :@bill. ;@c24 cm.
504    @aIncludes bibliographical references and index.
650  0 @aEconomies of scale.
650  0 @aPublic administration.
650  0 @aPolicy sciences.
920    @a232010@z2
    
    Large-scale policy making / / Paul R. Schulman.-New York : : Elsevier North Holland, , c1980.
    xvi, 146 p. : : ill. ; ; 24 cm.
    Includes bibliographical references and index.
    
    ISBN 0444990755 :CNY0.95.
    
●
相关链接 在E读中查询图书 在五车中查询图书 在当当中查询图书 在豆瓣中查询图书


正题名:Large-scale policy making     索取号:H319.4/x267         预约/预借

序号 登录号 条形码 馆藏地/架位号 状态 备注
1 123738   001426683   第四借阅区/ [索取号:H319.4/x267] 在馆    
2 123739   001426718   第二样本阅览室/ [索取号:H319.4/x267] 在馆    
唐山师范学院图书馆 欢迎您!
大连网信软件有限公司© 版权所有